000 00333 a2200157 4500
001 24689
020 _a9788506071557
040 _cAnchieta - São Paulo/Itaigara
100 _aReynolds, Aaron
240 1 0 _aMax Mosca
_lpor
245 1 0 _aMax Mosca
300 _a96
362 0 _a2013
650 4 _aLiteratura juvenil
942 _cBK
999 _c24689
_d24689